|
|
|
|
| LEADER |
01650cas a2200241 a 4500 |
| 001 |
AALejournalIMF007671 |
| 008 |
230101c9999 xx r poo 0 0eng d |
| 020 |
|
|
|c 5.00 USD
|
| 020 |
|
|
|z 9781451836769
|
| 022 |
|
|
|a 1934-7685
|
| 040 |
|
|
|a BD-DhAAL
|c BD-DhAAL
|
| 110 |
2 |
|
|a International Monetary Fund.
|
| 245 |
1 |
0 |
|a Thailand :
|b Statistical Appendix.
|
| 264 |
|
1 |
|a Washington, D.C. :
|b International Monetary Fund,
|c 2000.
|
| 300 |
|
|
|a 1 online resource (85 pages)
|
| 490 |
1 |
|
|a IMF Staff Country Reports
|
| 500 |
|
|
|a <strong>Off-Campus Access:</strong> No User ID or Password Required
|
| 500 |
|
|
|a <strong>On-Campus Access:</strong> No User ID or Password Required
|
| 506 |
|
|
|a Electronic access restricted to authorized BRAC University faculty, staff and students
|
| 520 |
3 |
|
|a This Statistical Appendix report on Thailand highlights the economic indicators for the period 1994-99. The report discusses gross domestic product; investment and savings; agricultural production; manufacturing production; construction and property market; population, labor force, and employment by major economic sectors; average earnings by manufacturing categories; consumer and wholesale prices; government fiscal and expenditure accounts; summary of local government operations; summary of tax system; assets and liabilities of commercial banks; stock market indicators; balance of payments; export performance; and so on.
|
| 538 |
|
|
|a Mode of access: Internet
|
| 830 |
|
0 |
|a IMF Staff Country Reports; Country Report ;
|v No. 2000/020
|
| 856 |
4 |
0 |
|z Full text available on IMF
|u http://elibrary.imf.org/view/journals/002/2000/020/002.2000.issue-020-en.xml
|z IMF e-Library
|